<?xml version="1.0" encoding="UTF-8"?>
<collection xmlns="http://www.loc.gov/MARC21/slim">
  <record>
    <leader>00000nam  2200000   4500</leader>
    <controlfield tag="001">INLIS000000000056052</controlfield>
    <controlfield tag="005">20200813090116</controlfield>
    <datafield tag="035" ind1="#" ind2="#">
      <subfield code="a">0010-0820000193</subfield>
    </datafield>
    <controlfield tag="007">ta</controlfield>
    <controlfield tag="008">200813###########################0#eng##</controlfield>
    <datafield tag="020" ind1="#" ind2="#">
      <subfield code="a">62 25273</subfield>
    </datafield>
    <datafield tag="082" ind1="#" ind2="#">
      <subfield code="a">907.2</subfield>
    </datafield>
    <datafield tag="084" ind1="#" ind2="#">
      <subfield code="a">907.2 Ani a</subfield>
    </datafield>
    <datafield tag="100" ind1=" " ind2="#">
      <subfield code="a">Editor: Soedjatmoko</subfield>
    </datafield>
    <datafield tag="245" ind1="1" ind2="#">
      <subfield code="a">An Introduction to Indonesian Histrograhy</subfield>
    </datafield>
    <datafield tag="260" ind1="#" ind2="#">
      <subfield code="a">USA (Amerika) :</subfield>
      <subfield code="b">Valley Offset, Inc.,</subfield>
      <subfield code="c">1965</subfield>
    </datafield>
    <datafield tag="300" ind1="#" ind2="#">
      <subfield code="a">427 Halaman ;</subfield>
      <subfield code="c">25 Cm.</subfield>
    </datafield>
    <datafield tag="650" ind1="#" ind2="4">
      <subfield code="a">Sejarah Indonesia-Historiography</subfield>
    </datafield>
    <datafield tag="520" ind1="#" ind2="#">
      <subfield code="a">Index: 417-427</subfield>
    </datafield>
    <datafield tag="990" ind1="#" ind2="#">
      <subfield code="a">28402840</subfield>
    </datafield>
  </record>
</collection>
